| 000 | 00590nam a2200205 4500 | ||
|---|---|---|---|
| 003 | OSt | ||
| 005 | 20240702051512.0 | ||
| 006 | a | ||
| 008 | 240702b |||||||| |||| 00| 0 eng d | ||
| 020 | _a9780123743800 | ||
| 040 |
_aDWCL-Main lib. _cOC |
||
| 082 | _aCirc. 580.12 S613p 2010 | ||
| 100 | _aSimpson, Michael G. | ||
| 245 | _aPlant systematics / | ||
| 260 |
_aAmsterdan : _bAcademic Press, _cc2010. |
||
| 300 |
_axii, _b740 p. : ill. ; _c28 cm. |
||
| 504 | _aIncludes bibliographical references & index. | ||
| 650 | _a1. Plants-Classification. | ||
| 942 |
_2ddc _n0 _cBK-CIRC _kCirc. |
||
| 999 |
_c1782 _d1782 |
||